<?xml version="1.0" encoding="UTF-8"?>
<record
    xmlns:xsi="http://www.w3.org/2001/XMLSchema-instance"
    xsi:schemaLocation="http://www.loc.gov/MARC21/slim http://www.loc.gov/standards/marcxml/schema/MARC21slim.xsd"
    xmlns="http://www.loc.gov/MARC21/slim">

  <leader>01084nab a2200313 uc4500</leader>
  <controlfield tag="001">712758</controlfield>
  <controlfield tag="005">20241126090445.0</controlfield>
  <controlfield tag="008">011213e19940301                    eng  </controlfield>
  <datafield tag="035" ind1=" " ind2=" ">
    <subfield code="a">712758</subfield>
  </datafield>
  <datafield tag="035" ind1=" " ind2=" ">
    <subfield code="a">(OCoLC)819927873</subfield>
  </datafield>
  <datafield tag="040" ind1=" " ind2=" ">
    <subfield code="c">comduadb</subfield>
  </datafield>
  <datafield tag="041" ind1=" " ind2=" ">
    <subfield code="a">eng</subfield>
  </datafield>
  <datafield tag="100" ind1="1" ind2="0">
    <subfield code="a">Fontenelle, Thierry</subfield>
    <subfield code="4">aut</subfield>
    <subfield code="e">aut</subfield>
    <subfield code="9">522900</subfield>
  </datafield>
  <datafield tag="245" ind1="1" ind2="0">
    <subfield code="a">Towards the construction of a collocation database for translation students</subfield>
  </datafield>
  <datafield tag="650" ind1=" " ind2=" ">
    <subfield code="a">Translation teaching</subfield>
    <subfield code="9">85017</subfield>
  </datafield>
  <datafield tag="650" ind1=" " ind2="0">
    <subfield code="a">Ense&#xF1;anza de la traducci&#xF3;n</subfield>
    <subfield code="9">85018</subfield>
  </datafield>
  <datafield tag="650" ind1=" " ind2=" ">
    <subfield code="a">Lexicolog&#xED;a</subfield>
    <subfield code="9">6780</subfield>
  </datafield>
  <datafield tag="650" ind1=" " ind2=" ">
    <subfield code="a">Lexicology</subfield>
    <subfield code="9">81457</subfield>
  </datafield>
  <datafield tag="650" ind1=" " ind2="7">
    <subfield code="a">Ling&#xFC;&#xED;stica</subfield>
    <subfield code="2">lemb</subfield>
    <subfield code="9">6919</subfield>
  </datafield>
  <datafield tag="650" ind1=" " ind2=" ">
    <subfield code="a">Linguistics</subfield>
    <subfield code="9">79547</subfield>
  </datafield>
  <datafield tag="650" ind1=" " ind2=" ">
    <subfield code="a">Bases de datos</subfield>
    <subfield code="9">6934</subfield>
  </datafield>
  <datafield tag="650" ind1=" " ind2=" ">
    <subfield code="a">Data bases</subfield>
    <subfield code="9">92243</subfield>
  </datafield>
  <datafield tag="650" ind1=" " ind2=" ">
    <subfield code="a">Bilingualism</subfield>
    <subfield code="9">174246</subfield>
  </datafield>
  <datafield tag="650" ind1=" " ind2=" ">
    <subfield code="a">Biling&#xFC;ismo</subfield>
    <subfield code="9">37887</subfield>
  </datafield>
  <datafield tag="650" ind1=" " ind2=" ">
    <subfield code="a">French language</subfield>
    <subfield code="9">90104</subfield>
  </datafield>
  <datafield tag="650" ind1=" " ind2=" ">
    <subfield code="a">Franc&#xE9;s</subfield>
    <subfield code="9">77244</subfield>
  </datafield>
  <datafield tag="773" ind1="0" ind2=" ">
    <subfield code="t">Meta : Journal des Traducteurs : Translators' Journal (Canad&#xE1;)</subfield>
    <subfield code="g">No. 39, No. 01, Mar. 1994 / Meta : journal des traducteurs : translators' journal, p. 47-56</subfield>
    <subfield code="w">688018</subfield>
    <subfield code="x">0026-0452</subfield>
    <subfield code="0">212758</subfield>
  </datafield>
  <datafield tag="942" ind1=" " ind2=" ">
    <subfield code="c">ARIMP</subfield>
  </datafield>
  <datafield tag="999" ind1=" " ind2=" ">
    <subfield code="c">220051</subfield>
    <subfield code="d">220051</subfield>
  </datafield>
</record>
